000 01528nam a22003377a 4500
005 20240530110434.0
008 150406s2010 ua bdf g b 000 0aara d
017 _a2009/17428
_bمصر . دار الكتب المصرية
020 _a9775471978
040 _aEG-CaGPL
041 1 _aara
_geng
082 0 4 _221
_a915.3\
_bط د
100 0 _aطارق منصور
245 1 0 _aدراسات فى التاريخ والاثار الاسلامية /
_cتحرير طارق منصور ، محاسن الوقاد
246 1 0 _aStudies on the Islamic History and Monuments :
_bCollection of Studies Dedicated to Prof. Ahmed Abdel Raziq Ahmad /
_hEdited by Tarek M. Muhammad & Mahasen M. Al Wakkad
250 _aط1
260 _aالقاهرة :
_bمصر العربية للنشر والتوزيع ،
_c2010 .
300 _a247 +29 ص :
_bايض ؛
_c24 سم
504 _aيشتمل على ارجاعات ببليوجرافية
546 _aيشتمل على نص باللغة الانجليزية
650 0 4 _aالاثار الاسلامية
650 0 4 _aالتاريخ الاسلامى
651 0 4 _aمصر
_xالاثار الاسلامية
651 0 4 _aمصر
_xتاريخ
_yالعصر الاسلامى
651 0 4 _aمصر
_xتاريخ
_yعصر المماليك
651 0 4 _aمصر
_xتاريخ
_yالعصر الاموى
651 0 4 _aمصر
_xتاريخ
_yالعصر الفاطمى
700 0 _aمحاسن الوقاد
_eمحرر مشارك
942 _2ddc
_cBK
999 _c60901
_d60901